Jeux vidéos par Logos #1 - Statistiques

Statistiques générales
  • Ce quiz a été pris 387 fois
    385 depuis la dernière actualisation
  • Le résultat moyen est 12 sur 20
Statistiques - réponses
Par images Réponse % Correct
Minecraft
98%
Pacman
98%
Mario
97%
Les Sims
96%
Among Us
93%
Red Dead Redemption
92%
Overwatch
82%
Assassin's Creed
81%
Halo
81%
Cuphead
71%
Gran Turismo
66%
Plato
54%
Plants vs Zombies
48%
Plague Inc
39%
Kingdom Hearts
35%
Summoner's War
32%
Celeste
31%
Fallout Shelter
29%
Dead Cells
14%
Mass Effect
8%
Aucun quiz correspondant
Distribution des résultats
% des personnes avec chaque résultat
Percentile par nombre de réponses
Votre historique - résultats
Vous n’avez pas pris ce quiz depuis la dernière actualisation